| 000 | 00482nam a2200181Ia 4500 | ||
|---|---|---|---|
| 003 | LK-CoDNM | ||
| 008 | 010623t2006 xxu||||| |||| 00| 1 sin d | ||
| 040 |
_aLK-CoDNM _dLK-CoDNM _eLK-CoDNM |
||
| 041 | _asin | ||
| 080 | _ax 398 SAM | ||
| 100 |
_aSamarakoon, Jani _etr. |
||
| 245 | _aචීන උපමා කථා එකතුව | ||
| 246 | _aChina upamaa kathaa ekathuwa | ||
| 260 |
_bS.Godage _aColombo _c2006 |
||
| 300 | _b64, 22 cm | ||
| 650 | _aFolk Tales | ||
| 942 | _cBK | ||
| 999 |
_c125690 _d125690 |
||